000
00474nam a2200181Ia 4500
008
090124s9999 xx 000 0 und d
082
_b
131553
100
_a
कलंदर
245
_a
आणखी कानोकानी
250
_a
1
260
_c
2003
300
_a
168
600
_a
कलंदर
630
_a
आणखी कानोकानी
700
_a
कलंदर
730
_a
आणखी कानोकानी
942
_c
BOOK
999
_c
177642
_d
177642